header

Masking unmasked (Record no. 103542)

MARC details
000 -LEADER
fixed length control field 01155nam a2200325Ia 4500
082 04 - DEWEY DECIMAL CLASSIFICATION NUMBER
Classification number 792/.028
100 1# - MAIN ENTRY--AUTHOR NAME
Personal name Simon, Eli.
245 10 - TITLE STATEMENT
Title Masking unmasked
250 ## - EDITION STATEMENT
Edition statement 1st ed.
260 ## - PUBLICATION, DISTRIBUTION, ETC. (IMPRINT)
Place of publication New York :
Name of publisher Palgrave Macmillan,
Year of publication 2003.
300 ## - PHYSICAL DESCRIPTION
Number of Pages xx, 181 p. :
Other physical details ill.
650 #0 - SUBJECT ADDED ENTRY--TOPICAL TERM
Topical Term Acting.
Topical Term Masks.
856 40 - ELECTRONIC LOCATION AND ACCESS
Uniform Resource Identifier http://site.ebrary.com/lib/rucke/Doc?id=10115198

No items available.

© 2026 Rongo University
Contact us: librarian | system librarian | Rongo university